| 000 | 00787nam a2200205 4500 | ||
|---|---|---|---|
| 001 | 116718 | ||
| 003 | ES-MaACL | ||
| 005 | 20230906190745.0 | ||
| 007 | t| | ||
| 008 | 061121s1916 sp r ||||1| spa d | ||
| 100 | 0 |
_aStein, Robert Otto. _9108038 |
|
| 245 | 1 | 0 |
_aAtlas y compendio de las enfermedades provocadas en el hombre por los hifomicetos (micosis humanas) / _cpor Robert Otto Stein ; traducción directa de la primera edición alemana por Pablo González Muñoz. |
| 260 |
_aMadrid : _bLibrería Académica, _c1916. |
||
| 300 |
_a107 p., 32 lám. ; _c25 cm. |
||
| 490 | 1 |
_aAtlas ilustrados de medicina ; _v10 |
|
| 700 | 1 |
_aGonzález Muñoz, Pablo. _958833 |
|
| 830 | 0 |
_aAtlas ilustrados de medicina ; _v10 _9233322 |
|
| 852 |
_aES-MaACL _jB-12671 |
||
| 999 |
_c116718 _d116718 |
||